|
|
|
|
| LEADER |
01302nam a2200313 u 4500 |
| 001 |
10077984 |
| 003 |
upatras |
| 005 |
20210505190601.0 |
| 008 |
090901s1995 f eng |
| 020 |
|
|
|a 0851776523
|
| 040 |
|
|
|a GR-PaULI
|c GR-PaULI
|
| 041 |
1 |
|
|a eng
|
| 082 |
1 |
4 |
|a 387.2
|2 22
|
| 100 |
1 |
|
|a Greenhill, Basil
|9 78711
|
| 245 |
1 |
0 |
|a The archaeology of boats & ships
|b an introduction
|c Basil Greenhill with John Morrison
|
| 246 |
1 |
3 |
|a Archaeology of boats and ships
|
| 260 |
|
|
|a London
|b Conway Maritime
|c 1995
|
| 300 |
|
|
|a 288 p.
|b ill., maps
|c 29 cm.
|
| 500 |
|
|
|a Greenhill, Basil Archaeology of the boat
|
| 504 |
|
|
|a Includes bibliographical references and indexes
|
| 650 |
|
4 |
|a Πλοία
|x Ιστορία
|9 78712
|
| 650 |
|
4 |
|a Ναυπηγική
|x Ιστορία
|9 78713
|
| 650 |
|
4 |
|a Αρχαιολογία
|9 124534
|
| 700 |
1 |
|
|a Morrison, J. S.
|d 1913-
|q ((John S.))
|9 78714
|
| 852 |
|
|
|a GR-PaULI
|b ΠΑΤΡΑ
|b ΦΙΛΟΛΟΓΙΑ
|k ΔΑΝΕΙΖ-6
|h 387.2 GRE
|m 006332
|p 025000143883
|t 1
|
| 942 |
|
|
|2 ddc
|
| 952 |
|
|
|0 0
|1 0
|2 ddc
|4 0
|6 387_200000000000000_GRE
|7 0
|9 81015
|a LISP
|b LISP
|c BSC
|d 2016-04-24
|i 006332
|l 2
|m 1
|o 387.2 GRE
|p 025000143883
|r 2019-10-10 00:00:00
|s 2019-09-18
|t 1
|w 2016-04-24
|y BK15
|x Μεταφορά Τμήματος Φιλολογίας
|
| 998 |
|
|
|c ELIDOC
|d 2009-09
|
| 999 |
|
|
|c 53822
|d 53822
|